000 00535nam a2200193Ia 4500
003 OSt
005 20251217113423.0
008 220917b |||||||| |||| 00| 0 eng d
037 _cTB
040 _aARTS
_cARTS
_beng
041 _2eng
_aeng
084 _aV41.M7 K6
_qAL
100 _aLoewe, Michael
_9109769
245 0 _aImperial China :
_b the historical background to the modern age
260 _c1966
650 _aHISTORY
_9857251
942 _hV41:1:M7 K6
_cTB
_2CC
_n0
999 _c233160
_d233160